000 00224nam a22000857a 4500
008 160712b xxu||||| |||| 00| 0 eng d
100 _92702
_a Lewis, P
245 _aThe Centle Fury
260 _aN.Y
_b Holt, Rinehart & Winston
_c1961
999 _c2346
_d2346